| 000 | 00967nam a2200289 a 4500 | ||
|---|---|---|---|
| 001 | 54855 | ||
| 003 | BD-RjUL | ||
| 005 | 20211209080158.0 | ||
| 008 | 161112s2005 bg a b 001 0 eng | ||
| 020 | _a9848090185 | ||
| 035 | _a(BD-RjUL) 54977 | ||
| 040 |
_aDLC _cDLC _dBD-RjUL _beng |
||
| 041 | _aeng | ||
| 082 | 0 | 0 |
_223 _a004.21 _bSYS 2005 |
| 245 | 1 | 0 |
_aSystem analysis & design : _b a Practitioner`s approach / _cMunawar Hafiz, M. sohel Rahman, Mohammed Eunus Ali, M.Kaykobad |
| 246 | 3 | _aSystem analysis and design | |
| 260 |
_aDhaka : _bUniversity Grants Commission of Bangladesh, _c2005 |
||
| 300 |
_axxviii, 648 p. : _bill. ; _c22 cm. |
||
| 504 | _aIncludes bibliographical references and index. | ||
| 650 | 0 |
_aSystem analysis. _9163523 |
|
| 650 | 0 |
_aSystem design. _9117553 |
|
| 700 |
_aHafiz, Munawar . _9163524 |
||
| 700 |
_aM. sohel Rahman, _9163525 |
||
| 700 |
_a Ali, Mohammed Eunus _9163526 |
||
| 700 |
_a Kaykobad, M. _9163527 |
||
| 942 |
_2ddc _cBK |
||
| 999 |
_c54855 _d54855 |
||